Daya-Vibhaga: or the individualization of communal property and the commounlization of individual in the mitakshara law (Record no. 184114)

MARC details
000 -LEADER
fixed length control field 00478nam a2200157Ia 4500
008 - FIXED-LENGTH DATA ELEMENTS--GENERAL INFORMATION
fixed length control field 230917s9999||||xx |||||||||||||| ||und||
040 ## - CATALOGING SOURCE
-- 81445
Original cataloging agency VIVEKANANDA LIBRARY
041 ## - Language
-- English
082 ## - DDC NUMBER
Classification number 346.042 P289D
100 ## - MAIN ENTRY--PERSONAL NAME
Personal name Pawate, I S
245 #0 - TITLE STATEMENT
Title Daya-Vibhaga: or the individualization of communal property and the commounlization of individual in the mitakshara law
250 ## - EDITION STATEMENT
Edition statement 2nd ed.
260 ## - PUBLICATION, DISTRIBUTION, ETC. (IMPRINT)
Place of publication, distribution, etc Dhawar
Name of publisher, distributor, etc Karnataka University
Date of publication, distribution, etc 1975
300 ## - PHYSICAL DESCRIPTION
Pages xiv, 458 p.
942 ## - ADDED ENTRY ELEMENTS (KOHA)
Koha item type Books
Holdings
Withdrawn status Lost status Damaged status Not for loan Location (home branch) Sublocation or collection (holding branch) Date acquired Koha issues (times borrowed) Koha full call number Accession No. Koha date last seen Koha item type
        VIVEKANANDA LIBRARY VIVEKANANDA LIBRARY 20/03/2010   346.042 P289D 39339 17/09/2023 Books
© Designed and Maintained by Vivekananda Library, MDU Rohtak